Statistics for Words That Only Appear Once in the Bible

Click here to take the quiz!

General Stats

  • This quiz has been taken 1,654 times
  • The average score is 13 of 25

Answer Stats

hint & first letterword% Correct
Someone who tends sick peopleDDoctor
84%
Not prettyUUgly
83%
UnderneathBBelow
82%
Barrier, common on farmsFFence
81%
We all were this once! It's as young as you can possibly getNNewborn
72%
The Bible bans the wearing of this in churchHHat
71%
Strongroom where banks store valuablesVVault
70%
How did this word get in? Most people own one,
but it wasn't invented until 1900 years after Christ
CCar
65%
Desire deeplyYYearn
65%
Inhabitant of an Asian countryIIndian
63%
What beaches areSSandy
61%
Rubbish; or a collection of newborn animalsLLitter
60%
Strange; also, for example, 24,651OOdd
60%
Assisted, helpedAAided
54%
Ship's kitchenGGalley
54%
Miss RobertsJJulia
50%
ArguingQQuarrelling
47%
Multi-national region controlled from one placeEEmpire
45%
Stabiliser on a yachtKKeel
36%
Animal common in offshore EcuadorTTortoise
32%
Princess Anne's daughter, therefore Queen Elizabeth's grand-daughterZZara
27%
Squirm or wriggle excitedlyWWrithe
19%
A surprise Hindu entry; any of the three avatars of Vishnu (4 letters)RRama
17%
Gary the golferPPlayer
16%
SadlyMMiserably
8%

Score Distribution

Percentile by Number Answered

Percent of People with Each Score

Your Score History

You have not taken this quiz